Datum a čas kvízu
22
Celkem bodů
Celkový počet nahraných bodů na tomto kvízu bez doplňovacích otázek.
9.
Pořadí na kvízu
Konečné umístění týmu na tomto kvízu.
Zaznamenané odpovědi
| # | Otázka | Odpověď | Body | Výsledky |
|---|---|---|---|---|
| 1. | V maratonu sněmovních debat o... | Karel Havlíček | 1 | |
| 2. | Poblíž které metropole došlo v... | poblíž Sydney | 1 | |
| 3. | Jistý populární komediální ser... | Mr. Bean | 1 | |
| 4. | Jeden rakouský řetězec se spo... | Hervis | 1 | |
| 5. | Minulý týden se ve sportovních... | Tomáš Sivok, České Budějovice | 1 | |
| 6. | Začneme v Africe. Konžské král... | Zair | 1 | |
| 7. | Na černém kontinentu ještě chv... | Horní Volta, Burkina Faso | 0.5 | |
| 8. | Thajsko je jedinou zemí jihový... | Siam, Město Andělů | 0 | |
| 9. | Zřejmě víte, že na území dnešn... | Robinson Crusoe | 1 | |
| 10. | Vzpomenete si na jednoslovný n... | Jugoslávie | 1 |